00337nam a2200109Ia 4500008004100000082002100041100001600062245002800078260003400106630003400140650005300174211118s9999||||xx |||||||||||||| ||und|| a894.812 6bBEN-S aBenjamin, D 0aSwadheenatha Padanangal bCurrent BooksaKottayamc2000 xMalayalam EssaysGeneral Stack aMalayalam LiteraturevMalayalam LettersMalayalam